1 to 100 in 45 seconds - Statistics

General Stats
  • This quiz has been taken 96 times
  • The average score is 55 of 100
Answer Stats
Hint Answer % Correct
. 1
100%
. 3
100%
. 2
98%
. 4
98%
. 5
98%
. 6
98%
. 7
98%
. 9
98%
. 10
93%
. 8
93%
. 11
89%
. 12
87%
. 13
87%
. 14
87%
. 15
87%
. 16
87%
. 17
87%
. 18
80%
. 19
80%
. 20
80%
. 24
80%
. 21
78%
. 22
78%
. 23
78%
. 25
78%
. 26
76%
. 27
76%
. 33
74%
. 28
72%
. 29
72%
. 30
70%
. 32
70%
. 34
70%
. 31
67%
. 35
67%
. 37
65%
. 38
65%
. 39
65%
. 44
65%
. 36
63%
. 40
63%
. 41
61%
. 42
61%
. 45
61%
. 43
59%
. 49
59%
. 47
57%
. 48
57%
. 52
57%
. 55
57%
. 46
54%
. 50
52%
. 53
52%
. 54
52%
. 51
50%
. 56
50%
. 58
48%
. 57
46%
. 59
43%
. 60
41%
. 61
39%
. 62
39%
. 63
39%
. 64
39%
. 65
39%
. 66
37%
. 67
35%
. 68
35%
. 74
33%
. 69
30%
. 70
30%
. 90
30%
. 71
28%
. 77
28%
. 88
28%
. 92
28%
. 93
28%
. 98
28%
. 99
28%
. 100
26%
. 72
26%
. 73
26%
. 75
26%
. 78
26%
. 81
26%
. 91
26%
. 94
26%
. 95
26%
. 96
26%
. 97
26%
. 76
24%
. 79
24%
. 80
22%
. 82
22%
. 83
22%
. 84
22%
. 85
22%
. 87
22%
. 86
20%
. 89
20%
No matching quizzes found
Score Distribution
Percent of People with Each Score
Percentile by Number Answered
Your Score History
You have not taken this quiz